000 01275cam a2200325 a 4500
001 4469515
003 OSt
005 20230620115418.0
008 960229s1996 nyu 000 0 eng
010 _a 96007393
020 _a0910608504(set)
020 _a0910608512 (v. 1)
040 _aDLC
_cDLC
_dDLC
050 0 0 _aZ696
_b.D52 1996
082 0 0 _a025.4
_220
_bMEL
100 1 _aDewey, Melvil,
_d1851-1931.
245 1 0 _aDewey decimal classification and relative index /
_cdevised by Melvil Dewey.
250 _aEd. 21 /
_bedited by Joan S. Mitchell, Julianne Beall, Winton E. Matthews, Jr., Gregory R. New.
260 _aAlbany, N.Y. :
_bForest Press, a division of OCLC Online Computer Library Center,
_c1996.
300 _a4 v. ;
_c24 cm.
505 0 _av. 1. Introduction. Tables -- v. 2-3. Schedules -- v. 4. Relative index. Manual.
650 0 _aClassification, Dewey decimal.
700 1 _aMitchell, Joan S.
700 1 _aBeall, Julianne,
_d1946-
700 1 _aMatthews, Winton E.
700 1 _aNew, Gregory R.
906 _a7
_bcbc
_corignew
_d1
_eocip
_f19
_gy-gencatlg
942 _2ddc
_cBK
999 _c1672
_d1672